00453nam a22001337a 4500008004100000040005500041080001200096245008700108260006300195300001100258490001900269650001600288653001500304230529b |||||||| |||| 00| 0 eng d aNational Science LibrarycNational Science Library a574bN4 aEco-Fragile aravallis of Rajasthan Haryana and Delhi: bProblems and perspectives  aNew Delhi: bAgricultural finance corporation Ltd., c1994 a249p.  aStatus report  aGeography  aAravallis